Dreamcatcher song by lyrics #4 - Statistics

General Stats
  • This quiz has been taken 44 times
  • The average score is 7 of 12
Answer Stats
Lyrics Songs % Correct
Hold up, I'm a geek the big paradox Boca
100%
Why do you you you you make me cry Why do you you you you break me down Poison Love
82%
Now I'm here Blending feelings for you Bon Voyage
79%
deo kkeuteopshi nan Down down down for me shigani eopseo Now it's not too late Piri
63%
Can you stay with me? nae pumeseo hwiparameul dashi bureojweo Whistle
63%
The beauty is dangerous Real life is fabulous Rising
58%
koko kara ima Take me up norikoeru sakebu kokoro shinjite Breaking out
53%
(I just run to you, run to you) Mayday
50%
So baby let me go Woo woo woo woo woo Locked Inside A Door
45%
sangsangdo mot hal mankeum aju keun Happpiness Cherry (Real Miracle) (Ji U Solo)
39%
urin seororeul dalma gateun chueogeul ankko sara Polaris (북극성)
37%
Oh I can't hold you anymore, sueopshi dajimhaebwado Emotion (소원 하나)
34%
No matching quizzes found
Score Distribution
Percent of People with Each Score
Percentile by Number Answered
Your Score History
You have not taken this quiz